Statistics for Top 20 US states with the Highest Obesity

Click here to take the quiz!

General Stats

  • This quiz has been taken 65 times
  • The average score is 18 of 20

Answer Stats

RankObesity RateState% Correct
533.5%Alabama
100%
2030.2%Missouri, Nebraska, Pennsylvania
97%
335.5%Mississippi
97%
1231.6%Kentucky
95%
1331.3%Kansas
95%
1131.9%Texas
95%
434.9%Louisiana
94%
1032.1%South Carolina
94%
1431.2%Tennessee
94%
832.6%Ohio
92%
1930.5%Georgia
92%
1730.7%Michigan
90%
235.7%West Virginia
89%
135.9%Arkansas
87%
732.7%Indiana
86%
633.0%Oklahoma
86%
932.2%North Dakota
79%
1630.9%Iowa
76%
1431.2%Wisconsin
71%
1730.7%Delaware
54%

Score Distribution

Percentile by Number Answered

Percent of People with Each Score

Your Score History

You have not taken this quiz